[Event "CYCC U12"]
[Site "Windsor CAN"]
[Date "2016.07.07"]
[Round "5.53"]
[White "Wu, Tony (Dongze)"]
[Black "Doknjas, Neil"]
[Result "0-1"]
[WhiteElo "1769"]
[BlackElo "1879"]
[PlyCount "152"]
[EventDate "2016.07.05"]
[EventType "swiss"]
[EventRounds "7"]
[EventCountry "CAN"]

1. d4 d5 2. Nf3 Nf6 3. g3 e6 4. Bg2 c5 5. O-O cxd4 6. c4 dxc4 7. Nxd4 e5 8. Nf3
Qxd1 9. Rxd1 Nc6 10. Nbd2 c3 11. bxc3 Bc5 12. Nb3 Bb6 13. Ba3 Ne4 14. e3 Nxc3
15. Re1 Nb5 16. Bb2 f6 17. Red1 O-O 18. a4 Be6 19. axb5 Bxb3 20. bxc6 Bxd1 21.
Rxd1 bxc6 22. Rc1 Rac8 23. Nh4 c5 24. Nf5 Rc7 25. Nd6 Rd8 26. Nc4 Rcd7 27. Bf3
Kf7 28. Bxe5 fxe5 29. Nxe5+ Kf6 30. Nxd7+ Rxd7 31. Be4 g6 32. Bc6 Rc7 33. Bb5
Ba5 34. Rc4 Bb4 35. f4 a5 36. Kf2 Rb7 37. Ba4 Ke6 38. e4 Ba3 39. Bc6 Rb2+ 40.
Kg1 Rb1+ 41. Kf2 Bb4 42. g4 Ra1 43. g5 a4 44. Bd5+ Ke7 45. Rc2 a3 46. Kg2 Rd1
47. h4 Kd6 48. h5 gxh5 49. Bg8 Rd2+ 50. Rxd2+ Bxd2 51. e5+ Ke7 52. Kg3 h4+ 53.
Kxh4 Bxf4 54. Kh5 Bxe5 55. g6 Bg7 56. gxh7 Kf6 57. Kg4 Ke5 58. Kf3 Kd4 59. Ba2
Kd3 60. Kf2 c4 61. Ke1 c3 62. Bb1+ c2 63. Bxc2+ Kxc2 64. h8=Q Bxh8 65. Ke2 a2
66. Kf2 a1=Q 67. Ke3 Qe1+ 68. Kf4 Qe2 69. Kf5 Qe5+ 70. Kg4 Qf6 71. Kg3 Qf5 72.
Kh4 Qg6 73. Kh3 Kd3 74. Kh2 Ke3 75. Kh1 Kf2 76. Kh2 Qh6# 0-1

[Event "CYCC U12"]
[Site "Windsor CAN"]
[Date "2016.07.07"]
[Round "5.54"]
[White "Zhao, Jonathan"]
[Black "Lin, Benjamin"]
[Result "0-1"]
[WhiteElo "1585"]
[BlackElo "1911"]
[PlyCount "82"]
[EventDate "2016.07.05"]
[EventType "swiss"]
[EventRounds "7"]
[EventCountry "CAN"]

1. d4 d5 2. Nf3 Nf6 3. Bf4 e6 4. e3 Nbd7 5. Bd3 c5 6. c3 Be7 7. Nbd2 O-O 8. O-O
Nh5 9. dxc5 Nxf4 10. exf4 Nxc5 11. Bc2 Qc7 12. f5 exf5 13. Nd4 Ne4 14. f3 Nd6
15. Re1 Bf6 16. N2b3 Nc4 17. Rb1 g6 18. Ne2 Be6 19. Ned4 Bd7 20. Nd2 Nxb2 21.
Rxb2 Qxc3 22. Rxb7 Bxd4+ 23. Kh1 Be6 24. Rb3 Qc7 25. Rd3 Be5 26. Nf1 Bc3 27.
Ree3 d4 28. Re2 Bc4 29. Rxc3 dxc3 30. Re3 Bxa2 31. Qe2 Bc4 32. Qe1 Bxf1 33.
Qxf1 Rfc8 34. Qb5 Qb6 35. Qe2 a5 36. Re7 a4 37. h3 a3 38. Ba4 Qb1+ 39. Kh2 Qb8+
40. Qe5 Qxe5+ 41. Rxe5 Rxa4 0-1

[Event "CYCC U12"]
[Site "Windsor CAN"]
[Date "2016.07.07"]
[Round "5.55"]
[White "Li, Jack"]
[Black "Shi, William"]
[Result "1-0"]
[WhiteElo "1546"]
[BlackElo "1723"]
[PlyCount "101"]
[EventDate "2016.07.05"]
[EventType "swiss"]
[EventRounds "7"]
[EventCountry "CAN"]

1. e4 c5 2. c3 d5 3. exd5 Qxd5 4. d4 cxd4 5. cxd4 Nc6 6. Nf3 Bg4 7. Be2 g6 8.
Nc3 Qd8 9. h3 Bf5 10. O-O Bg7 11. Be3 Nf6 12. d5 Nb4 13. Qa4+ Bd7 14. Qxb4 b6
15. Bb5 O-O 16. Bxd7 Nxd7 17. Rfd1 Rc8 18. d6 e5 19. Nd5 Kh8 20. Ne7 Ra8 21.
Rac1 f5 22. Qh4 Qe8 23. Ng5 Nf6 24. Ne6 Rf7 25. Nc7 Qd7 26. Nxa8 Ne8 27. Nc7
Nxd6 28. Nb5 Bf6 29. Rxd6 Qxe7 30. Rc8+ Rf8 31. Rxf8+ Qxf8 32. Qxf6+ Qxf6 33.
Rxf6 Kg7 34. Re6 Kf7 35. Rxe5 f4 36. Bxf4 g5 37. Bxg5 h6 38. Bxh6 Kf6 39. Bf4
a5 40. Rg5 a4 41. h4 a3 42. b3 Ke6 43. h5 Kf7 44. h6 Kf6 45. h7 Ke6 46. h8=Q
Ke7 47. Qe5+ Kd7 48. Qd6+ Ke8 49. Nc7+ Kf7 50. Be5 b5 51. Rg7# 1-0

[Event "CYCC U12"]
[Site "Windsor CAN"]
[Date "2016.07.07"]
[Round "5.56"]
[White "Mah, Sean"]
[Black "Shi, David"]
[Result "1-0"]
[WhiteElo "1589"]
[BlackElo "1302"]
[PlyCount "113"]
[EventDate "2016.07.05"]
[EventType "swiss"]
[EventRounds "7"]
[EventCountry "CAN"]

1. e4 c5 2. Nf3 d6 3. c3 Nc6 4. d4 cxd4 5. cxd4 Nf6 6. Nc3 e6 7. Bb5 Be7 8. d5
a6 9. Bxc6+ bxc6 10. dxc6 O-O 11. O-O Qc7 12. Qa4 Rd8 13. Bd2 Rb8 14. Ne2 Rxb2
15. Ba5 Qa7 16. Bxd8 Rxe2 17. Bxe7 Rxe4 18. Qa5 Qxe7 19. Rab1 Rc4 20. Rfc1
Rxc1+ 21. Rxc1 Qe8 22. Qc7 Qf8 23. Rb1 Nd5 24. Qb8 Nc3 25. Rb3 Nxa2 26. c7 Bd7
27. Qxf8+ Kxf8 28. Rb8+ Ke7 29. c8=Q Bxc8 30. Rxc8 d5 31. Rc7+ Kf6 32. Rc6 Nb4
33. Rb6 a5 34. Kf1 Nc2 35. Ra6 d4 36. Ke2 a4 37. Kd2 d3 38. Rxa4 e5 39. Kxd3
Nd4 40. Nxd4 exd4 41. Rxd4 Ke6 42. Ke4 f5+ 43. Kf4 h6 44. h4 g6 45. Ra4 Kf6 46.
Ra6+ Kf7 47. h5 gxh5 48. Rxh6 Kg7 49. Rxh5 Kg6 50. Rxf5 Kh6 51. Rg5 Kh7 52. Kf5
Kh6 53. Kf6 Kh7 54. Rg6 Kh8 55. Kf7 Kh7 56. Rf6 Kh8 57. Rh6# 1-0

[Event "CYCC U12"]
[Site "Windsor CAN"]
[Date "2016.07.07"]
[Round "5.57"]
[White "Chen, Hao"]
[Black "Wang, Jerry"]
[Result "1/2-1/2"]
[WhiteElo "1296"]
[BlackElo "1014"]
[PlyCount "108"]
[EventDate "2016.07.05"]
[EventType "swiss"]
[EventRounds "7"]
[EventCountry "CAN"]

1. e4 e5 2. Nf3 Nc6 3. Bc4 Nf6 4. Nc3 Bc5 5. d3 d6 6. h3 h6 7. Be3 Bxe3 8. fxe3
O-O 9. O-O Be6 10. Bb3 Bxb3 11. axb3 Ne7 12. Nh4 Ng6 13. Nf5 Ne7 14. Qe2 Nxf5
15. exf5 Qd7 16. e4 c6 17. Rf2 Rfe8 18. Rd1 d5 19. Qe1 d4 20. Ne2 Rad8 21. Ng3
b6 22. Qe2 c5 23. Nh5 Qc6 24. Nxf6+ Qxf6 25. Qg4 Qg5 26. Qxg5 hxg5 27. Rf3 f6
28. Ra1 a5 29. c3 Kf7 30. Raf1 Rd7 31. Kf2 Red8 32. Ke2 Rh8 33. g4 Rdd8 34. Kd2
Ke7 35. Kc2 Rd7 36. Kb1 dxc3 37. bxc3 Rhd8 38. Rd1 b5 39. Kc2 c4 40. Re3 cxd3+
41. Rexd3 Rxd3 42. Rxd3 Rxd3 43. Kxd3 Kd6 44. Ke3 Ke7 45. Kd2 Kd6 46. Kd3 a4
47. b4 Kc6 48. Kc2 Kd7 49. Kb2 Kc6 50. Ka3 Kd6 51. Kb2 Ke7 52. Ka3 Kf7 53. c4
bxc4 54. Kxa4 Ke7 1/2-1/2

[Event "CYCC U12"]
[Site "Windsor CAN"]
[Date "2016.07.07"]
[Round "5.58"]
[White "Mirabelli, Aidan"]
[Black "Zhao, Ian"]
[Result "1-0"]
[WhiteElo "1457"]
[BlackElo "1715"]
[PlyCount "99"]
[EventDate "2016.07.05"]
[EventType "swiss"]
[EventRounds "7"]
[EventCountry "CAN"]

1. e4 c5 2. c3 Nf6 3. e5 Nd5 4. d4 cxd4 5. Nf3 Nc6 6. Bc4 Nb6 7. Bb3 dxc3 8.
Nxc3 e6 9. O-O d6 10. exd6 Bxd6 11. Qe2 O-O 12. Rd1 Qe7 13. a3 a6 14. Bc2 f5
15. Bg5 Qc7 16. Bb3 Re8 17. Qd3 Na5 18. Qxd6 Qxd6 19. Rxd6 Nxb3 20. Rxb6 Nxa1
21. Ne1 e5 22. Nd5 Rf8 23. Nc7 Rb8 24. Be7 Rf7 25. Bd6 Rf6 26. Nd5 Rxd6 27.
Rxd6 b5 28. Ne7+ Kf7 29. Nc6 Rb7 30. Nd8+ Ke7 31. Nxb7 Bxb7 32. Rb6 Bc8 33. Rc6
Be6 34. Nd3 e4 35. Nc5 Bd5 36. Rxa6 Nb3 37. Nxb3 Bxb3 38. Rb6 Bc4 39. b3 Bd3
40. a4 bxa4 41. bxa4 g6 42. f3 Kd7 43. Rb7+ Kc6 44. Rxh7 Kb6 45. Rh6 exf3 46.
gxf3 f4 47. Rh7 Bc2 48. Rf7 Bxa4 49. Rf6+ Kc5 50. Rxg6 1-0

[Event "CYCC U12"]
[Site "Windsor CAN"]
[Date "2016.07.07"]
[Round "5.59"]
[White "Du, Robert"]
[Black "Du, Daniel"]
[Result "0-1"]
[WhiteElo "1383"]
[BlackElo "1656"]
[PlyCount "86"]
[EventDate "2016.07.05"]
[EventType "swiss"]
[EventRounds "7"]
[EventCountry "CAN"]

1. e4 e6 2. d4 d5 3. Nc3 Nf6 4. e5 Nfd7 5. Nf3 a6 6. a3 c5 7. Be3 Nc6 8. Be2
Be7 9. O-O Qb6 10. Na4 Qa5 11. Nxc5 Nxc5 12. dxc5 Qc7 13. b4 O-O 14. Bd4 Bd7
15. c3 Rae8 16. Re1 f6 17. Bd3 Nxd4 18. cxd4 fxe5 19. Nxe5 Bf6 20. Qh5 g6 21.
Nxg6 hxg6 22. Qxg6+ Bg7 23. Qh7+ Kf7 24. Qg6+ Kg8 25. Re3 Rf6 26. Qh7+ Kf7 27.
Rg3 Rg8 28. Qh5+ Kf8 29. Rf3 Rxf3 30. Qxf3+ Ke7 31. Bg6 Rf8 32. Qg4 Bf6 33. Rd1
Rh8 34. h3 Rh4 35. Qf3 Rf4 36. Qe3 Rh4 37. Qf3 Ba4 38. Rd3 Bc2 39. g3 Bxd3 40.
Qxd3 Rxd4 41. Qf3 Qe5 42. Bh5 Qe4 43. Qc3 Rd1+ 0-1

[Event "CYCC U12"]
[Site "Windsor CAN"]
[Date "2016.07.07"]
[Round "5.60"]
[White "Makarczyk, David"]
[Black "Liu, Harrison"]
[Result "1-0"]
[WhiteElo "1215"]
[BlackElo "1676"]
[PlyCount "39"]
[EventDate "2016.07.05"]
[EventType "swiss"]
[EventRounds "7"]
[EventCountry "CAN"]

1. e4 e5 2. d4 exd4 3. Qxd4 Nc6 4. Qe3 Nf6 5. Nc3 Bb4 6. Bd2 O-O 7. O-O-O d6 8.
f4 Re8 9. Bd3 a6 10. h3 Ba5 11. g4 Bxg4 12. hxg4 h6 13. g5 hxg5 14. fxg5 Nd7
15. Qh3 Kf8 16. Qh8+ Ke7 17. Nd5+ Ke6 18. Qh3+ Ke5 19. Bf4+ Kd4 20. Qe3# 1-0

[Event "CYCC U12"]
[Site "Windsor CAN"]
[Date "2016.07.07"]
[Round "5.61"]
[White "Kilroy, Sheldon"]
[Black "Washimkar, Arhant"]
[Result "0-1"]
[WhiteElo "1034"]
[BlackElo "1569"]
[PlyCount "46"]
[EventDate "2016.07.05"]
[EventType "swiss"]
[EventRounds "7"]
[EventCountry "CAN"]

1. e4 e5 2. Nf3 Nc6 3. Bb5 a6 4. Ba4 Nf6 5. Nc3 b5 6. Bb3 Bc5 7. Nxe5 Nxe5 8.
d4 Bb4 9. dxe5 Nxe4 10. Qf3 d5 11. O-O Bxc3 12. bxc3 O-O 13. a4 Rb8 14. axb5
axb5 15. Bb2 Nd2 16. Qxd5 Qxd5 17. Bxd5 Nxf1 18. Rxf1 Bb7 19. Bb3 Rfd8 20. Re1
Bd5 21. Bxd5 Rxd5 22. e6 fxe6 23. Rxe6 Rd1+ 0-1

[Event "CYCC U12"]
[Site "Windsor CAN"]
[Date "2016.07.07"]
[Round "5.62"]
[White "Xiang, Christopher"]
[Black "Chen, Harry"]
[Result "0-1"]
[WhiteElo "1007"]
[BlackElo "1505"]
[PlyCount "78"]
[EventDate "2016.07.05"]
[EventType "swiss"]
[EventRounds "7"]
[EventCountry "CAN"]

1. e4 e5 2. d4 exd4 3. c3 dxc3 4. Bc4 Nc6 5. Nxc3 Bb4 6. Nf3 d6 7. O-O Nf6 8.
Nd5 h6 9. Nxb4 Nxb4 10. Qb3 d5 11. Qxb4 dxc4 12. Qxc4 O-O 13. Bf4 c6 14. Rfd1
Qe7 15. Bd6 Qxe4 16. Qxe4 Nxe4 17. Bxf8 Kxf8 18. Rd4 Nf6 19. Re1 Be6 20. a3 Bg4
21. Ne5 Re8 22. Kf1 Bf5 23. Nf3 Rc8 24. Red1 Ke7 25. h3 c5 26. R4d2 c4 27. g4
Bd3+ 28. Kg2 Kf8 29. Rc1 Re8 30. Rdd1 Nd5 31. Kg3 g5 32. Ne1 Nf4 33. Kh2 Re2
34. Nxd3 cxd3 35. Kg3 Rxb2 36. Rc8+ Ke7 37. Ra8 a6 38. Rh8 d2 39. Rxh6 Nd5 0-1

[Event "CYCC U12"]
[Site "Windsor CAN"]
[Date "2016.07.07"]
[Round "5.63"]
[White "Richard, Leo"]
[Black "Cyrenne, Cole"]
[Result "1-0"]
[WhiteElo "1423"]
[BlackElo "640"]
[PlyCount "103"]
[EventDate "2016.07.05"]
[EventType "swiss"]
[EventRounds "7"]
[EventCountry "CAN"]

1. e4 c5 2. Nf3 Nc6 3. d4 e6 4. Be3 b6 5. Bb5 Bb7 6. Nc3 a6 7. Bxc6 Bxc6 8. Ne5
Bb7 9. dxc5 Bxc5 10. Bxc5 bxc5 11. O-O Nf6 12. Nc4 Bxe4 13. Nd6+ Kf8 14. Ndxe4
Nxe4 15. Nxe4 Qc7 16. Qd6+ Qxd6 17. Nxd6 Ke7 18. Ne4 d5 19. Nxc5 Rac8 20. Nxa6
Rxc2 21. Rab1 Ra8 22. Nb4 Rc4 23. a3 g5 24. Rfc1 Rf4 25. g3 Rf5 26. Kg2 h5 27.
Re1 Kd6 28. Rbc1 Kd7 29. Nd3 f6 30. Nc5+ Kd6 31. Rxe6+ Kc7 32. Ne4+ Kd8 33.
Rxf6 Rxf6 34. Nxf6 h4 35. Nxd5 Ra5 36. Ne3 Kd7 37. Rc4 hxg3 38. hxg3 Kd6 39.
Rf4 gxf4 40. Nc4+ Kc5 41. Nxa5 Kb5 42. g4 Kxa5 43. g5 Ka4 44. g6 Kb3 45. g7
Kxb2 46. g8=Q Kxa3 47. Qb8 f3+ 48. Kxf3 Ka4 49. Ke4 Ka3 50. Kd4 Ka4 51. Kc4 Ka3
52. Qb3# 1-0

[Event "CYCC U12"]
[Site "Windsor CAN"]
[Date "2016.07.07"]
[Round "5.64"]
[White "Cloutier, Simon"]
[Black "Ladhani, Kiyan"]
[Result "1/2-1/2"]
[WhiteElo "1167"]
[BlackElo "874"]
[PlyCount "62"]
[EventDate "2016.07.05"]
[EventType "swiss"]
[EventRounds "7"]
[EventCountry "CAN"]

1. e4 e5 2. Nf3 Nf6 3. Nc3 Nc6 4. Bc4 Bb4 5. d3 d6 6. h3 Nd4 7. a3 Bxc3+ 8.
bxc3 Nxf3+ 9. Qxf3 h6 10. O-O c6 11. d4 d5 12. exd5 cxd5 13. dxe5 dxc4 14. exf6
Qxf6 15. Qxf6 gxf6 16. Re1+ Kf8 17. Re4 b5 18. Rf4 Ke7 19. Rh4 Bb7 20. f3 Rag8
21. Rg4 h5 22. Rxg8 Rxg8 23. Kf2 Re8 24. a4 Ba6 25. Ke3 Kd6+ 26. Kd2 Rd8 27.
Ke3 Kc5 28. Ba3+ Kb6 29. Bb4 Re8+ 30. Kf2 Rd8 31. Ke3 Re8+ 1/2-1/2

[Event "CYCC U12"]
[Site "Windsor CAN"]
[Date "2016.07.07"]
[Round "5.65"]
[White "Dong, Yiwei"]
[Black "Wang, Kevin"]
[Result "1-0"]
[WhiteElo "926"]
[BlackElo "1034"]
[PlyCount "73"]
[EventDate "2016.07.05"]
[EventType "swiss"]
[EventRounds "7"]
[EventCountry "CAN"]

1. d4 d5 2. c4 e6 3. Nc3 Nf6 4. Bg5 Bb4 5. Nf3 Bxc3+ 6. bxc3 h6 7. Bh4 Nbd7 8.
cxd5 exd5 9. c4 c6 10. e3 O-O 11. Be2 Qe7 12. O-O b6 13. Ne5 Nxe5 14. dxe5 Qxe5
15. Bxf6 Qxf6 16. cxd5 Rd8 17. e4 Be6 18. Bf3 Qg5 19. Qc1 cxd5 20. exd5 Qxc1
21. Raxc1 Bxd5 22. Bxd5 Rxd5 23. h3 Rd2 24. a3 Rd3 25. Ra1 Rc8 26. Rfd1 Rcc3
27. Rxd3 Rxd3 28. Kf1 Kf8 29. Ke2 Rd5 30. Rd1 Rxd1 31. Kxd1 Ke7 32. Kc2 Kd6 33.
Kb3 Kc5 34. f4 f6 35. g4 g5 36. fxg5 a5 37. gxh6 1-0

[Event "CYCC U12"]
[Site "Windsor CAN"]
[Date "2016.07.07"]
[Round "5.67"]
[White "Rawal, Aahaan"]
[Black "Wang, Terry"]
[Result "1/2-1/2"]
[WhiteElo "963"]
[BlackElo "893"]
[PlyCount "122"]
[EventDate "2016.07.05"]
[EventType "swiss"]
[EventRounds "7"]
[EventCountry "CAN"]

1. Nf3 d5 2. c4 c6 3. d4 Nf6 4. Nc3 Nbd7 5. g3 dxc4 6. e4 Nb6 7. Bg2 Bg4 8. O-O
g6 9. h3 Be6 10. Bg5 Bg7 11. e5 Nfd5 12. Nxd5 cxd5 13. b3 O-O 14. Qc1 Qd7 15.
g4 f5 16. exf6 Bxf6 17. Re1 Rac8 18. Qe3 Rc6 19. Bxf6 exf6 20. g5 Bxh3 21. gxf6
Qg4 22. Nh4 g5 23. Qxh3 Qxh3 24. Bxh3 gxh4 25. Be6+ Kh8 26. f7 Nc8 27. Bxd5
Rg6+ 28. Kh2 cxb3 29. Re8 Kg7 30. Rxf8 Kxf8 31. Bxb3 Nd6 32. Rb1 Rf6 33. Kh3
Nxf7 34. Bxf7 Rxf7 35. Kxh4 Rxf2 36. Kg3 Rxa2 37. Rxb7 Ra3+ 38. Kf4 Ra4 39. Ke5
h5 40. Rh7 Ra5+ 41. d5 Ra1 42. Rxh5 Re1+ 43. Kd6 a5 44. Rh4 Rd1 45. Ra4 Rd2 46.
Rxa5 Ke8 47. Kc6 Rc2+ 48. Rc5 Rh2 49. d6 Kd8 50. Rg5 Rc2+ 51. Rc5 Rxc5+ 52.
Kxc5 Kd7 53. Kd5 Kd8 54. Kc6 Kc8 55. Kd5 Kd7 56. Ke5 Kd8 57. Kf6 Kd7 58. Ke5
Kd8 59. Ke6 Ke8 60. d7+ Kd8 61. Kf7 Kxd7 1/2-1/2

[Event "CYCC U12"]
[Site "Windsor CAN"]
[Date "2016.07.08"]
[Round "6.49"]
[White "Huang, Patrick"]
[Black "Huang, Qiuyu"]
[Result "0-1"]
[WhiteElo "1942"]
[BlackElo "2102"]
[PlyCount "98"]
[EventDate "2016.07.05"]
[EventType "swiss"]
[EventRounds "7"]
[EventCountry "CAN"]

1. e4 c5 2. Nc3 Nc6 3. Bb5 g6 4. Bxc6 bxc6 5. f4 Bg7 6. Nf3 d5 7. e5 Nh6 8. h3
O-O 9. O-O f6 10. Na4 d4 11. Nxc5 Qd5 12. Nd3 c5 13. b3 Ba6 14. Re1 Bxd3 15.
cxd3 fxe5 16. fxe5 e6 17. Ba3 a5 18. Rc1 Rac8 19. Qe2 Rf4 20. Rc4 Nf7 21. Rec1
Bf8 22. Bb2 Rb8 23. Ba3 Rb5 24. Re1 Bg7 25. Rec1 Bf8 26. Re1 Nd8 27. Kh2 Nc6
28. Kg1 Nb8 29. Kh2 Nd7 30. Kh1 Bg7 31. Kg1 h6 32. Kh2 Rf5 33. Qe4 Nxe5 34.
Qxd5 exd5 35. Rxc5 Rxc5 36. Bxc5 Rxf3 37. Bxd4 Rf5 38. Bxe5 Rxe5 39. Rc1 Re2
40. Rc2 Be5+ 41. Kg1 Bg3 42. Rc1 Rxd2 43. Kf1 Rf2+ 44. Kg1 Rxa2 45. h4 Rb2 46.
Kf1 Rxb3 47. Rc5 Rxd3 48. Rxa5 Re3 49. Ra1 d4 0-1

[Event "CYCC U12"]
[Site "Windsor CAN"]
[Date "2016.07.08"]
[Round "6.51"]
[White "Doknjas, Neil"]
[Black "England, Max"]
[Result "0-1"]
[WhiteElo "1879"]
[BlackElo "1922"]
[PlyCount "164"]
[EventDate "2016.07.05"]
[EventType "swiss"]
[EventRounds "7"]
[EventCountry "CAN"]

1. e4 e5 2. Nf3 Nc6 3. d4 exd4 4. Nxd4 Nf6 5. Nxc6 bxc6 6. Bd3 Bb4+ 7. c3 Be7
8. Qe2 d6 9. O-O O-O 10. Nd2 Re8 11. Nb3 c5 12. Bc4 Bf8 13. Bg5 h6 14. Bxf6
Qxf6 15. Bd5 Rb8 16. f4 Bd7 17. e5 Qd8 18. Qh5 Be6 19. Bxe6 Rxe6 20. Na5 Rxb2
21. Nc4 Rb8 22. f5 Re8 23. e6 Qf6 24. Rae1 Re7 25. Ne3 c6 26. Ng4 Qg5 27. exf7+
Rxf7 28. Qxg5 hxg5 29. f6 Kh7 30. Re6 Rb2 31. fxg7 Rxf1+ 32. Kxf1 Kxg7 33. Re2
Rb7 34. Ne3 Kg6 35. Nc4 Rd7 36. Na5 Bg7 37. Re3 Kf5 38. Nxc6 Be5 39. Nxe5 dxe5
40. Ke2 e4 41. Rh3 c4 42. Re3 Rb7 43. Kf2 a5 44. Re2 a4 45. Ke3 a3 46. Rf2+ Ke5
47. Rf8 Rb2 48. Re8+ Kf5 49. Rf8+ Kg6 50. Ra8 Rxa2 51. Kxe4 Rxg2 52. Rxa3 Rxh2
53. Kf3 Kh5 54. Kg3 Rc2 55. Kh3 Rd2 56. Kg3 Rd3+ 57. Kf2 Kh4 58. Ke2 g4 59. Ra1
Rxc3 60. Kd2 Rd3+ 61. Ke2 g3 62. Rh1+ Kg4 63. Rc1 Rd4 64. Ke3 Rf4 65. Ra1 Rf6
66. Ke2 g2 67. Ra8 Rg6 68. Kf2 Kf4 69. Kg1 Ke3 70. Rd8 c3 71. Re8+ Kd2 72. Rd8+
Kc1 73. Rc8 c2 74. Rd8 Rg4 75. Rf8 Kb2 76. Rb8+ Kc3 77. Rc8+ Rc4 78. Rf8 c1=Q+
79. Kxg2 Rg4+ 80. Kf2 Qg1+ 81. Kf3 Qg2+ 82. Ke3 Re4# 0-1

[Event "CYCC U12"]
[Site "Windsor CAN"]
[Date "2016.07.08"]
[Round "6.53"]
[White "Lin, Benjamin"]
[Black "Mah, Sean"]
[Result "1/2-1/2"]
[WhiteElo "1911"]
[BlackElo "1589"]
[PlyCount "67"]
[EventDate "2016.07.05"]
[EventType "swiss"]
[EventRounds "7"]
[EventCountry "CAN"]

1. c4 c6 2. d4 d5 3. Nc3 Nf6 4. Nf3 Bf5 5. Qb3 b6 6. e3 e6 7. cxd5 cxd5 8. Bb5+
Nbd7 9. Ne5 Bd6 10. Bd2 O-O 11. Nxd7 Nxd7 12. Bxd7 Qxd7 13. Nb5 Be7 14. Rc1
Rfc8 15. O-O a6 16. Nc3 b5 17. Ne2 Rc4 18. Ng3 Bg6 19. Rxc4 bxc4 20. Qd1 Rc8
21. Bc3 Qb5 22. f4 Bd3 23. Rf2 f5 24. Nf1 a5 25. Rf3 Bb4 26. Bxb4 axb4 27. Rh3
c3 28. Qh5 h6 29. Rg3 Kh8 30. Rg6 Be2 31. Rxh6+ gxh6 32. Qxh6+ Kg8 33. Qxe6+
Kg7 34. Qe7+ 1/2-1/2

[Event "CYCC U12"]
[Site "Windsor CAN"]
[Date "2016.07.08"]
[Round "6.54"]
[White "Tanaka, Tyler"]
[Black "Richard, Leo"]
[Result "1/2-1/2"]
[WhiteElo "1583"]
[BlackElo "1423"]
[PlyCount "44"]
[EventDate "2016.07.05"]
[EventType "swiss"]
[EventRounds "7"]
[EventCountry "CAN"]

1. e4 e5 2. Nf3 Nc6 3. Bb5 a6 4. Ba4 Nf6 5. O-O b5 6. Bb3 Be7 7. Re1 O-O 8. h3
d6 9. c3 Na5 10. Bc2 c5 11. d4 Qc7 12. Nbd2 cxd4 13. cxd4 Nc6 14. Nf1 Bd7 15.
Bg5 exd4 16. Bb3 Qb6 17. Bd5 Rae8 18. Ng3 h6 19. Bf4 Nb4 20. Bb3 Nc6 21. Bd5
Nb4 22. Bb3 Nc6 1/2-1/2

[Event "CYCC U12"]
[Site "Windsor CAN"]
[Date "2016.07.08"]
[Round "6.55"]
[White "Chen, Harry"]
[Black "Wu, Tony (Dongze)"]
[Result "0-1"]
[WhiteElo "1505"]
[BlackElo "1769"]
[PlyCount "54"]
[EventDate "2016.07.05"]
[EventType "swiss"]
[EventRounds "7"]
[EventCountry "CAN"]

1. e4 c5 2. Nf3 d6 3. d4 cxd4 4. Nxd4 Nf6 5. Nc3 g6 6. Be3 Bg7 7. f3 O-O 8. Qd2
Nc6 9. Bc4 Bd7 10. O-O-O Rc8 11. Bb3 Ne5 12. h4 h5 13. Bh6 Bxh6 14. Qxh6 Rxc3
15. bxc3 Qa5 16. Kb2 Rc8 17. f4 Qxc3+ 18. Kb1 Nc4 19. Bxc4 Rxc4 20. Rd3 Qb4+
21. Nb3 Nxe4 22. Rhd1 Nc3+ 23. Kc1 Bf5 24. Rf3 Nxa2+ 25. Kb2 Rxc2+ 26. Ka1 Qa3
27. Nd4 Qb2# 0-1

[Event "CYCC U12"]
[Site "Windsor CAN"]
[Date "2016.07.08"]
[Round "6.56"]
[White "Chen, Hao"]
[Black "Zhao, Ian"]
[Result "0-1"]
[WhiteElo "1296"]
[BlackElo "1715"]
[PlyCount "66"]
[EventDate "2016.07.05"]
[EventType "swiss"]
[EventRounds "7"]
[EventCountry "CAN"]

1. e4 e5 2. Nf3 Nc6 3. Bc4 Bc5 4. Nc3 Nf6 5. O-O d6 6. h3 O-O 7. d3 h6 8. Be3
Bb6 9. Qd2 Be6 10. Bb3 Nd4 11. Bxd4 exd4 12. Ne2 c5 13. c3 dxc3 14. Nxc3 d5 15.
e5 Ne8 16. Rac1 Nc7 17. Rfe1 d4 18. Ne4 Bxb3 19. axb3 Ne6 20. Nd6 Ba5 21. Nxb7
Bxd2 22. Nxd8 Bxe1 23. Nxe6 fxe6 24. Nxe1 Rab8 25. Rxc5 Rxb3 26. Rc6 Rxb2 27.
Nf3 a5 28. Rxe6 Ra8 29. Rc6 a4 30. Nxd4 a3 31. Rc3 a2 32. Nc2 Rxc2 33. Rxc2
a1=Q+ 0-1

[Event "CYCC U12"]
[Site "Windsor CAN"]
[Date "2016.07.08"]
[Round "6.57"]
[White "Du, Daniel"]
[Black "Makarczyk, David"]
[Result "1-0"]
[WhiteElo "1656"]
[BlackElo "1215"]
[PlyCount "95"]
[EventDate "2016.07.05"]
[EventType "swiss"]
[EventRounds "7"]
[EventCountry "CAN"]

1. e4 d5 2. exd5 Qxd5 3. Nc3 Qa5 4. d4 c6 5. Nf3 Nf6 6. Be2 Bg4 7. O-O e6 8.
Bd2 Qc7 9. Bg5 Nbd7 10. h3 Bh5 11. Qd2 Bd6 12. Rfe1 O-O-O 13. a4 Rdg8 14. Reb1
h6 15. Be3 g5 16. Ne1 Bxe2 17. Nxe2 Nd5 18. c4 Bb4 19. Qd3 Nxe3 20. Qxe3 Bxe1
21. Rxe1 Nf6 22. b4 Rg6 23. b5 Rhg8 24. bxc6 Qxc6 25. d5 exd5 26. cxd5 Nxd5 27.
Qg3 Nf4 28. Qg4+ Qe6 29. Rac1+ Kb8 30. Qg3 Qe5 31. Nc3 Qf5 32. Nb5 a6 33. Nd4
Qf6 34. Nf3 Ka8 35. Ne5 R6g7 36. Ng4 Qd6 37. Kh1 h5 38. Rcd1 Qc6 39. Ne5 Qxa4
40. Ra1 Qd4 41. Qf3 g4 42. Rxa6+ Kb8 43. Nd7+ Kc7 44. Rc1+ Kd8 45. Qxb7 Qxd7
46. Rd6 f5 47. Rc8+ Ke7 48. Qxd7# 1-0

[Event "CYCC U12"]
[Site "Windsor CAN"]
[Date "2016.07.08"]
[Round "6.58"]
[White "Wang, Jerry"]
[Black "Zhao, Jonathan"]
[Result "0-1"]
[WhiteElo "1014"]
[BlackElo "1585"]
[PlyCount "36"]
[EventDate "2016.07.05"]
[EventType "swiss"]
[EventRounds "7"]
[EventCountry "CAN"]

1. e4 d5 2. exd5 Qxd5 3. Nc3 Qa5 4. Nf3 Nf6 5. Bc4 Nc6 6. d4 Bg4 7. h3 Qh5 8.
Be2 O-O-O 9. Be3 e5 10. O-O exd4 11. hxg4 Nxg4 12. Qc1 dxe3 13. fxe3 Bc5 14.
Nd1 Rxd1 15. Qxd1 Bxe3+ 16. Rf2 Bxf2+ 17. Kf1 Qh1+ 18. Ng1 Qxg1# 0-1

[Event "CYCC U12"]
[Site "Windsor CAN"]
[Date "2016.07.08"]
[Round "6.59"]
[White "Washimkar, Arhant"]
[Black "Chung, Leo"]
[Result "1-0"]
[WhiteElo "1883"]
[BlackElo "1111"]
[PlyCount "89"]
[EventDate "2016.07.05"]
[EventType "swiss"]
[EventRounds "7"]
[EventCountry "CAN"]

1. e4 c5 2. Nf3 e6 3. d4 a6 4. c3 Nf6 5. Bd3 Be7 6. O-O h6 7. Bf4 O-O 8. Nbd2
d5 9. e5 Nfd7 10. Rc1 b5 11. Bb1 Nc6 12. Qc2 f5 13. exf6 Nxf6 14. Ne5 Bb7 15.
Rfe1 Qc8 16. Re3 Ne4 17. Nxe4 dxe4 18. Qxe4 Rf6 19. Nxc6 Bxc6 20. Qxe6+ Qxe6
21. Rxe6 Rxf4 22. Rxc6 cxd4 23. g3 Rf6 24. cxd4 Rd8 25. Rc7 Re6 26. d5 Rxd5 27.
a3 Bxa3 28. Ba2 Kf8 29. Bxd5 Rd6 30. Rf7+ Ke8 31. Rc8+ Rd8 32. Rxd8+ Kxd8 33.
bxa3 g5 34. f4 gxf4 35. gxf4 h5 36. f5 a5 37. f6 b4 38. axb4 axb4 39. Rb7 Ke8
40. f7+ Kf8 41. Rb8+ Kg7 42. f8=Q+ Kg6 43. Rb7 b3 44. Rg7+ Kh6 45. Qh8# 1-0

[Event "CYCC U12"]
[Site "Windsor CAN"]
[Date "2016.07.08"]
[Round "6.60"]
[White "Shi, William"]
[Black "Dong, Yiwei"]
[Result "1-0"]
[WhiteElo "1723"]
[BlackElo "926"]
[PlyCount "67"]
[EventDate "2016.07.05"]
[EventType "swiss"]
[EventRounds "7"]
[EventCountry "CAN"]

1. e4 e6 2. d4 d5 3. Nc3 Bb4 4. e5 c5 5. a3 Ba5 6. b4 cxb4 7. Nb5 Bc7 8. axb4
a6 9. Qg4 Kf8 10. Bd3 Nc6 11. Nxc7 Qxc7 12. Ne2 Nxb4 13. Ba3 a5 14. Bxb4+ Ne7
15. O-O Bd7 16. Rfb1 b6 17. Bd6 Qd8 18. f4 g6 19. Qg5 Rg8 20. Nc3 Ke8 21. Nb5
Rc8 22. Bxe7 Qxe7 23. Nd6+ Kf8 24. Qxe7+ Kxe7 25. Nxc8+ Bxc8 26. Rxb6 Rd8 27.
Rxa5 Ke8 28. Ra7 h6 29. Rd6 h5 30. Bb5+ Kf8 31. Rxd8+ Kg7 32. Rxc8 Kh6 33. Rxf7
h4 34. Rh8# 1-0